| 000 | 00696nam a22002175a 4500 | ||
|---|---|---|---|
| 001 | 49192 | ||
| 003 | OSt | ||
| 005 | 20260202132647.0 | ||
| 008 | 930823s1993 cau 000 0 eng | ||
| 020 | _a0534264395 | ||
| 020 | _a9780534264390 | ||
| 040 |
_aKABLIB _cKABLIB _beng |
||
| 082 |
_223 _a155.5 _bLIP |
||
| 100 | 1 |
_aLippman, Marcia Z. _914961 |
|
| 245 | 1 | 0 |
_aStudy guide and activities for Shaffer's developmental psychology : _bchildhood and adolescence / _cMarcia Z. Lippman. |
| 260 |
_aPacific Grove, Calif. : _bBrooks/Cole Pub. Co., _cc1996. |
||
| 300 |
_a451 p. ; _c28 cm. |
||
| 700 |
_aMagnuson, Deborah J. McClendon _914962 |
||
| 700 |
_aCollamer, Barbara E. _914963 |
||
| 942 |
_2ddc _cBOOK |
||
| 999 |
_c5931 _d5931 |
||